书目信息 |
| 题名: |
中部地区工业化与城镇化互动协调发展研究
|
|
| 作者: | 王建国 著 | |
| 分册: | ||
| 出版信息: | 北京 经济管理出版社 2013 |
|
| 页数: | 297页 | |
| 开本: | 24cm | |
| 丛书名: | ||
| 单 册: | ||
| 中图分类: | F427 , F299.27 | |
| 科图分类: | ||
| 主题词: | 工业化--区域发展--协调发展--研究--中国 , 城市化--区域发展--协调发展--研究--中国 , 工业化 , 区域发展 , 协调发展 , 城市化 | |
| 电子资源: | ||
| ISBN: | 978-7-5096-2721-1 | |
| 000 | 01550nam0 2200325 450 | |
| 001 | 523 | |
| 005 | 20140909094523.43 | |
| 010 | @a978-7-5096-2721-1@dCNY49.00 | |
| 100 | @a20140125d2013 em y0chiy50 ea | |
| 101 | 0 | @achi |
| 102 | @aCN@b110000 | |
| 105 | @ay z 000yy | |
| 106 | @ar | |
| 200 | 1 | @a中部地区工业化与城镇化互动协调发展研究@AZhong Bu Di Qu Gong Ye Hua Yu Cheng Zhen Hua Hu Dong Xie Diao Fa Zhan Yan Jiu@dThe study on mutual coordination development of industrialization and urbanization in central region of China@f王建国等著@FWang Jian Guo Deng Zhu@zeng |
| 210 | @a北京@c经济管理出版社@d2013 | |
| 215 | @a297页@d24cm | |
| 300 | @a国家社会科学基金项目研究成果(项目批准号07BJL053) 河南省社会科学院学术著作出版资助 | |
| 330 | @a本书对中部地区的工业化与城镇化的互动协调发展进行了理论与个案阐述,从西方语义上的工业化与城市化理论、内在机理、不同类型国家的情况进行理论上和历史上的分析归纳;以中部地区为研究对象,从实证考察、影响因素及互动机制、典型研究,以及其中的土地、人口、粮食安全、生态环境、和谐社会、新型城镇化引领进行论述。 | |
| 510 | 1 | @aStudy on mutual coordination development of industrialization and urbanization in central region of China@zeng |
| 606 | 0 | @a工业化@x区域发展@x协调发展@x研究@y中国 |
| 606 | 0 | @a城市化@x区域发展@x协调发展@x研究@y中国 |
| 606 | 0 | @a工业化 |
| 606 | 0 | @a区域发展 |
| 606 | 0 | @a协调发展 |
| 606 | 0 | @a城市化 |
| 690 | @aF427@v5 | |
| 690 | @aF299.27@v5 | |
| 701 | 0 | @a王建国@AWang Jian Guo@f(1963~)@4著 |
| 801 | 0 | @aCN@bTANGWEI@c20140603 |
| 905 | @b0839446-48@dF427@e138@f3 | |
| 中部地区工业化与城镇化互动协调发展研究=The study on mutual coordination development of industrialization and urbanization in central region of China/王建国等著.-北京:经济管理出版社,2013 |
| 297页;24cm |
| 国家社会科学基金项目研究成果(项目批准号07BJL053) 河南省社会科学院学术著作出版资助 |
| ISBN 978-7-5096-2721-1:CNY49.00 |
| 本书对中部地区的工业化与城镇化的互动协调发展进行了理论与个案阐述,从西方语义上的工业化与城市化理论、内在机理、不同类型国家的情况进行理论上和历史上的分析归纳;以中部地区为研究对象,从实证考察、影响因素及互动机制、典型研究,以及其中的土地、人口、粮食安全、生态环境、和谐社会、新型城镇化引领进行论述。 |
| ● |
| 相关链接 |
|
|
|
|
正题名:中部地区工业化与城镇化互动协调发展研究
索取号:F427/138
 
预约/预借
| 序号 | 登录号 | 条形码 | 馆藏地/架位号 | 状态 | 备注 |
| 1 | 0839446 | 208394469 | 第一样本阅览室/ [索取号:F427/138] | 在馆 | |
| 2 | 0839447 | 208394478 | 密集书库-海洋学院/ [索取号:F427/138] | 在馆 | |
| 3 | 0839448 | 208394487 | 第一借阅区/ [索取号:F427/138] | 在馆 |